|
|
|
|
| LEADER |
02000nam a2200373 a 4500 |
| 001 |
7033 |
| 003 |
BD-DhAAL |
| 008 |
150913s1993 nyua 0 0eng d |
| 020 |
|
|
|a 0078613469
|
| 020 |
|
|
|a 0078613507
|
| 020 |
|
|
|a 0078228182
|
| 020 |
|
|
|a 9780078228186
|
| 040 |
|
|
|a UUS
|c UUS
|d OCL
|d BD-DhAAL
|
| 082 |
0 |
0 |
|a 420.71
|2 21
|
| 245 |
0 |
0 |
|a Writer's choice :
|b grammar and composition.
|n Grade 10.
|
| 246 |
|
|
|a Glencoe writer's choice :
|b grammar and composition
|
| 250 |
|
|
|a Texas edition.
|
| 260 |
|
|
|b
|
| 264 |
|
|
|a New York N.Y. :
|b Glencoe/McGraw-Hill,
|c 2001.
|
| 300 |
|
|
|a xxvii, 967 pages :
|b illustrations ;
|c 26 cm.
|
| 500 |
1 |
|
|a Vocabulary and spelling practice.
|
| 541 |
1 |
|
|a Donation from the Asia Foundation/Savar Campus Library
|e 7033, 42986, 42987
|
| 650 |
|
0 |
|a English language
|x Study and teaching.
|9 12990
|
| 650 |
|
0 |
|a English language
|x Grammar
|x Study and teaching.
|9 14601
|
| 650 |
|
0 |
|a Language arts.
|9 14597
|
| 650 |
|
0 |
|a English language
|x Composition and exercises.
|9 14602
|
| 710 |
2 |
|
|a Glencoe Publishing Co.
|9 14603
|
| 852 |
|
|
|a Ayesha Abed Library
|
| 942 |
|
|
|2 ddc
|c BK
|
| 999 |
|
|
|c 35517
|d 35517
|
| 952 |
|
|
|0 0
|1 0
|2 ddc
|4 0
|6 420_000000000000000__7_1_WRI
|7 0
|9 55867
|a SCL
|b SCL
|c GEN
|d 2015-09-13
|e Gift: The Asia Foundation
|l 0
|o 420.71 WRI
|p 3020007033
|r 2015-09-13
|t 1
|w 2015-09-13
|y BK
|
| 952 |
|
|
|0 0
|1 0
|2 ddc
|4 0
|6 420_000000000000000__7_1_WRI
|7 0
|9 55868
|a SCL
|b SCL
|c GEN
|d 2015-09-13
|e Gift: The Asia Foundation
|l 0
|o 420.71 WRI
|p 3020007380
|r 2015-09-13
|t 2
|w 2015-09-13
|y BK
|
| 952 |
|
|
|0 0
|1 0
|2 ddc
|4 0
|6 420_710000000000000_WRI
|7 0
|9 76117
|a SCL
|b SCL
|c GEN
|d 2024-09-03
|e Donation from the Asia Foundation/Savar Campus Library
|l 0
|o 420.71 WRI
|p 3020042986
|r 2024-09-03
|t 3
|w 2024-09-03
|y BK
|x Donation from the Asia Foundation/Savar Campus Library
|
| 952 |
|
|
|0 0
|1 0
|2 ddc
|4 0
|6 420_710000000000000_WRI
|7 0
|9 76118
|a SCL
|b SCL
|c GEN
|d 2024-09-03
|e Donation from the Asia Foundation/Savar Campus Library
|l 0
|o 420.71 WRI
|p 3020042987
|r 2024-09-03
|t 4
|w 2024-09-03
|y BK
|x Donation from the Asia Foundation/Savar Campus Library
|